000 00820nam a2200265Ia 4500
001 Z_730
003 CHAP
008 220113s1986 xx 000 0 und d
010 _a163823
040 _cCHAP
090 _aTesis C 569
100 _aCastillo Ugarte, José Alfredo
_920233
245 _aEvaluación de tres fuentes de fósforo sobre la producción y calidad del guaje (Leucaena leucocephala) var. Perú /
_cpor José Alfredo Castillo Ugarte
260 _aChapingo, Méx. :
_bEl autor,
_c1986
300 _a76 h. ; ilus.
502 _aTesis (Ing. Agrónomo Esp. en Zootecnia) -- UACH. Departamento de Zootecnia
650 _aFósforo
_xEfecto en Leucaena
_942240
650 _aLeucaena
_966378
901 _aTESIS C 569
902 _aM
910 _a1986
942 _c2
942 _c2
999 _c163823
_d163823